Statistics for Countries that Drink the Most Wine per Capita

Click here to take the quiz!

General Stats

  • This quiz has been taken 135 times
  • The average score is 6 of 10

Answer Stats

Litres wineCountry% Correct
43.1France
98%
34.1Italy
98%
43.7Portugal
80%
37Switzerland
65%
46.9Croatia
48%
56.9Andorra
47%
42.5Slovenia
46%
56.2Vatican city
40%
30.7Moldova
26%
40.4North Macedonia
25%

Score Distribution

Percentile by Number Answered

Percent of People with Each Score

Your Score History

You have not taken this quiz